ბათუმის შოთა რუსთაველის სახელმწიფო უნივერსიტეტის ბიბლიოთეკა

Хрестоматия по античной литературе : (ბიბ.ჩანაწერი № 60797)

000 -LEADER
fixed length control field 00878nam a22001817a 4500
005 - DATE AND TIME OF LATEST TRANSACTION
control field 20231023173641.0
008 - FIXED-LENGTH DATA ELEMENTS--GENERAL INFORMATION
fixed length control field 231023s1947 ru ||||| |||| 00| 0 rus d
041 ## - LANGUAGE CODE
Language code of text/sound track or separate title rus
080 ## - UNIVERSAL DECIMAL CLASSIFICATION NUMBER
Universal Decimal Classification number 821.124(075.8) X-88
245 ## - TITLE STATEMENT
Title Хрестоматия по античной литературе :
Remainder of title Для высших учебных заведений : Т. 1. Греческая литература /
Statement of responsibility, etc. Сост. Н.Ф. Дератани, Н. А. Тимофеева.
264 ## - PRODUCTION, PUBLICATION, DISTRIBUTION, MANUFACTURE, AND COPYRIGHT NOTICE
Place of production, publication, distribution, manufacture М. :
Name of producer, publisher, distributor, manufacturer Учпедгиз.
Date of production, publication, distribution, manufacture, or copyright notice 1947.
300 ## - PHYSICAL DESCRIPTION
Extent 632 стр. :
Other physical details ил.;
Dimensions 23 см.
653 ## - INDEX TERM--UNCONTROLLED
keyword ანტიკური ლიტერატურა
653 ## - INDEX TERM--UNCONTROLLED
keyword ბერძნული ლიტერატურა
700 ## - ADDED ENTRY--PERSONAL NAME
Personal name Дератани, Н.Ф.
Relator term შემდგენელი
9 (RLIN) 20195
700 ## - ADDED ENTRY--PERSONAL NAME
Personal name Тимофеева, Н.А.
Relator term შემდგენელი
9 (RLIN) 20196
942 ## - ADDED ENTRY ELEMENTS (KOHA)
Source of classification or shelving scheme
Koha item type წიგნი
ეგზემპლარები
Withdrawn status Lost status Source of classification or shelving scheme Damaged status Not for loan Permanent Location Current Location Shelving location Date acquired Cost, normal purchase price Full call number Barcode Date last seen Copy number Uniform Resource Identifier Price effective from Koha item type Public note
          ბათუმის შოთა რუსთაველის სახელმწიფო უნივერსიტეტის მთავარი ბიბლიოთეკა ბათუმის შოთა რუსთაველის სახელმწიფო უნივერსიტეტის მთავარი ბიბლიოთეკა წიგნსაცავი 2023-10-23 8.00 821.124(075.8) X-88 65381 2023-10-23 65381 ბსუ-ს საპატიო დოქტორის გურამ ლორთქიფანიძის საჩუქარი 2023-10-23 წიგნი 8 ლ.